000 00478nmm a2200169Ia 4500
008 251105s9999||||xx |||||||||||||||||und||
020 _a9788481698107
041 _aspa
100 _aGómez-Acebo, Isabel
245 0 _aLucas
264 _a[Madrid, España] :
_bEditorial Verbo Divino,
_c2008
300 _a696 páginas
490 _aGuías de lectura del Nuevo Testamento
650 _aReligion(s)
856 _uhttps://public.digitaliapublishing.com/a/1152
942 _cCF
999 _c85990
_d85990